| 000 | 00413nam a2200157Ia 4500 | ||
|---|---|---|---|
| 003 | GCL | ||
| 008 | 140319s9999 xx 000 0 eng d | ||
| 040 |
_aGCL / _cGCL |
||
| 082 | 0 | 4 |
_a621.381 _bS S |
| 100 | 1 | _aSINGH, JAGDISH | |
| 245 | 1 | 0 |
_aSEMICONDUCTOR DEVICES AN INTRODUCTION / _cSINGH, JAGDISH |
| 260 |
_a[S.N] : _bMC GRAW - HILL ، _c1994 |
||
| 300 | _a669 P | ||
| 650 | 0 | 4 | _aSEMICONDUCTORS |
| 942 |
_2ddc _cBK |
||
| 999 |
_c23658 _d23658 |
||